[Event "VIE-ch"]
[Site "Bac Giang"]
[Date "2016.06.23"]
[Round "3"]
[White "Nguyen, Anh Khoi"]
[Black "Nguyen, Thien Viet"]
[Result "1/2-1/2"]
[WhiteElo "2448"]
[BlackElo "2290"]
[PlyCount "56"]
[EventDate "2016.06.22"]
[EventType "swiss"]
[EventRounds "9"]
[EventCountry "VIE"]
[SourceTitle "EXT 2017"]
[Source "ChessBase"]
[SourceDate "2016.10.25"]
[SourceVersion "1"]
[SourceVersionDate "2016.10.25"]
[SourceQuality "1"]

1. d4 d5 2. c4 dxc4 3. Nf3 Nf6 4. e3 e6 5. Bxc4 c5 6. 0-0 a6 7. Bb3 b5 8. a4 b4 9. e4 cxd4 10. Nbd2 Bb7 11. e5 Nfd7 12. Nc4 Nc6 13. Bg5 Qc7 14. Rc1 Bc5 15. Nxd4 Ndxe5 16. Nxe5 Qxe5 17. Nxc6 Qxg5 18. h4 Qf5 19. Qc2 Qxc2 20. Rxc2 Bb6 21. a5 Bc7 22. Ba4 Kf8 23. Rd1 Bxc6 24. Bxc6 Rb8 25. Rc5 g6 26. Bf3 Bd8 27. Be2 Kg7 28. Bxa6 Ra8 1/2-1/2

[Event "VIE-chT"]
[Site "Ho Chi Minh City"]
[Date "2013.08.21"]
[Round "11"]
[White "Tu, Hoang Thai"]
[Black "Nguyen, Thien Viet"]
[Result "1/2-1/2"]
[WhiteElo "2263"]
[BlackElo "2311"]
[PlyCount "94"]
[EventDate "2013.08.14"]
[EventType "team-swiss"]
[EventRounds "11"]
[EventCountry "VIE"]
[SourceTitle "CBM 156 Extra"]
[Source "ChessBase"]
[SourceDate "2013.10.22"]
[SourceVersion "1"]
[SourceVersionDate "2013.10.22"]
[SourceQuality "1"]

1. c4 Nf6 2. Nc3 c6 3. e4 e5 4. d4 d6 5. f4 Qa5 6. Qd3 exd4 7. Qxd4 Na6 8. Bd3 Qc5 9. Qxc5 Nxc5 10. Bc2 g6 11. Be3 Bg7 12. h3 Be6 13. 0-0-0 0-0-0 14. b3 Rhe8 15. Bd4 Nh5 16. Bxg7 Nxg7 17. Nf3 f5 18. exf5 Bxf5 19. Nd4 Re3 20. g4 Bxc2 21. Kxc2 Rf8 22. Rde1 Rxe1 23. Rxe1 Rxf4 24. Re7 Rxd4 25. Rxg7 Rf4 26. Rxh7 Rf2+ 27. Kd1 g5 28. b4 Nd3 29. Ne4 Nb2+ 30. Ke1 Nd3+ 31. Kd1 Nb2+ 32. Kc1 Nd3+ 33. Kb1 Rb2+ 34. Ka1 Rxb4 35. Nxd6+ Kb8 36. a3 Rb3 37. h4 gxh4 38. g5 Nf4 39. Ka2 Rd3 40. c5 Rd2+ 41. Kb1 h3 42. Rxb7+ Ka8 43. Rd7 Kb8 44. Rb7+ Ka8 45. Rh7 a5 46. g6 Nxg6 47. Rxh3 Ne5 1/2-1/2

[Event "VIE-chT"]
[Site "Ho Chi Minh City"]
[Date "2013.08.19"]
[Round "8"]
[White "Nguyen, Thien Viet"]
[Black "Tran, Ngoc Lan"]
[Result "1-0"]
[WhiteElo "2311"]
[BlackElo "2237"]
[PlyCount "115"]
[EventDate "2013.08.14"]
[EventType "team-swiss"]
[EventRounds "11"]
[EventCountry "VIE"]
[SourceTitle "CBM 156 Extra"]
[Source "ChessBase"]
[SourceDate "2013.10.22"]
[SourceVersion "1"]
[SourceVersionDate "2013.10.22"]
[SourceQuality "1"]

1. d4 d5 2. Nf3 Nf6 3. e3 c6 4. Bd3 Bg4 5. Nbd2 Nbd7 6. h3 Bh5 7. b3 e5 8. dxe5 Nxe5 9. Bb2 Nxd3+ 10. cxd3 Bd6 11. 0-0 0-0 12. Qc2 Re8 13. Rfe1 Bg6 14. Nh4 Nd7 15. Nxg6 hxg6 16. Rad1 Be5 17. Bxe5 Nxe5 18. b4 a5 19. d4 Nd7 20. Rb1 axb4 21. Rxb4 Qc7 22. Reb1 Ra7 23. e4 dxe4 24. Nxe4 b6 25. Rc4 Qf4 26. Ng3 b5 27. Rxc6 Qxd4 28. Rd1 Qe5 29. Rc8 Kh7 30. Rxe8 Qxe8 31. Ne4 Qe5 32. h4 Nf8 33. Ng5+ Kg8 34. Rd8 Rc7 35. Qd1 Qe7 36. g3 Rd7 37. Rxd7 Qxd7 38. Qb3 Ne6 39. Nxe6 Qxe6 40. Qxe6 fxe6 41. Kf1 Kf7 42. Ke2 Kf6 43. Kd3 Ke5 44. Kc3 Kd5 45. Kb4 Kc6 46. f3 Kb6 47. f4 Kc6 48. Ka5 Kc5 49. a3 Kc6 50. Ka6 Kc5 51. Kb7 b4 52. axb4+ Kxb4 53. Kc6 Kc4 54. Kd6 Kd4 55. Kxe6 Ke4 56. Kf7 Kf3 57. Kxg7 Kxg3 58. Kxg6 1-0

[Event "VIE-ch (Women)"]
[Site "Ho Chi Minh City"]
[Date "2012.11.29"]
[Round "1"]
[White "Le, Thi Ha"]
[Black "Nguyen, Thien Viet"]
[Result "0-1"]
[WhiteElo "1944"]
[BlackElo "2318"]
[PlyCount "96"]
[EventDate "2012.11.29"]
[EventType "swiss"]
[EventRounds "9"]
[EventCountry "VIE"]
[SourceTitle "CBM 151 Extra"]
[Source "ChessBase"]
[SourceDate "2012.12.18"]
[SourceVersion "1"]
[SourceVersionDate "2012.12.18"]
[SourceQuality "1"]

1. d4 Nf6 2. c4 g6 3. Nc3 Bg7 4. e4 d6 5. f3 0-0 6. Be3 Nc6 7. Nge2 a6 8. Nc1 e5 9. d5 Nd4 10. N1e2 Nxe2 11. Bxe2 c5 12. Qd2 Bd7 13. 0-0-0 b5 14. Rdf1 Qa5 15. Kb1 Rfb8 16. Rf2 Rb7 17. Nd1 Qc7 18. g4 Bxg4 19. fxg4 Nxe4 20. Qc1 Nxf2 21. Bxf2 bxc4 22. Bxc4 Rab8 23. Be1 Qd7 24. Rg1 e4 25. Bc3 Bd4 26. Rg2 Qa4 27. Bb3 Qb5 28. Bxd4 cxd4 29. Qc4 Qb4 30. Qxb4 Rxb4 31. Kc1 a5 32. Bc2 Re8 33. b3 Rb5 34. Kd2 Rxd5 35. g5 Rc5 36. Nb2 d5 37. Na4 Rc6 38. Ke1 d3 39. Bd1 Rec8 40. h4 Rc1 41. Nb6 R8c2 42. Rd2 e3 43. Rxd3 e2 44. Nxd5 Rxd1+ 45. Rxd1 exd1Q+ 46. Kxd1 Rxa2 47. Ne7+ Kg7 48. Nc6 a4 0-1

[Event "VIE-chT"]
[Site "Ho Chi Minh City"]
[Date "2012.09.22"]
[Round "3"]
[White "Nguyen, Thien Viet"]
[Black "Hoang Canh, Huan"]
[Result "1/2-1/2"]
[WhiteElo "2301"]
[BlackElo "2395"]
[PlyCount "51"]
[EventDate "2012.09.21"]
[EventType "team-tourn"]
[EventRounds "9"]
[EventCountry "VIE"]
[SourceTitle "CBM 150 Extra"]
[Source "ChessBase"]
[SourceDate "2012.10.19"]
[SourceVersion "1"]
[SourceVersionDate "2012.10.19"]
[SourceQuality "1"]

1. b3 c5 2. Bb2 Nc6 3. e3 Nf6 4. f4 g6 5. Nf3 Bg7 6. Bb5 Qc7 7. 0-0 0-0 8. Qe2 Nb4 9. Qd1 d6 10. a3 Nc6 11. Bxc6 Qxc6 12. Qe2 b6 13. d3 Bb7 14. Nbd2 d5 15. a4 Nh5 16. Bxg7 Nxg7 17. e4 dxe4 18. Nxe4 Qc7 19. g3 a6 20. h3 Rad8 21. Kh2 Nf5 22. Qf2 Nd4 23. Nxd4 Rxd4 24. Nd2 e6 25. Nf3 Bxf3 26. Qxf3 1/2-1/2

[Event "Ho Chi Minh City HD Bank op 2nd"]
[Site "Ho Chi Minh City"]
[Date "2012.03.07"]
[Round "9"]
[White "Nguyen, Thien Viet"]
[Black "Bui, Vinh"]
[Result "0-1"]
[WhiteElo "2265"]
[BlackElo "2463"]
[PlyCount "62"]
[EventDate "2012.03.02"]
[EventType "swiss"]
[EventRounds "9"]
[EventCountry "VIE"]
[SourceTitle "CBM 147 Extra"]
[Source "ChessBase"]
[SourceDate "2012.04.24"]
[SourceVersion "1"]
[SourceVersionDate "2012.04.24"]
[SourceQuality "1"]

1. Nf3 d5 2. g3 Nf6 3. Bg2 c5 4. 0-0 g6 5. d3 Bg7 6. c3 Nc6 7. Nbd2 0-0 8. Re1 e5 9. e4 d4 10. cxd4 cxd4 11. a3 a5 12. h3 Nd7 13. a4 Nc5 14. Nc4 f6 15. Bf1 Be6 16. b3 Rf7 17. Ba3 Bf8 18. Bxc5 Bxc5 19. Kh2 Bb4 20. Nfd2 Qc7 21. Be2 Raf8 22. Rf1 f5 23. exf5 gxf5 24. Bf3 e4 25. dxe4 fxe4 26. Bxe4 Rxf2+ 27. Bg2 Bd5 28. Rg1 Bxd2 29. Nxd2 Ne5 30. Rc1 Qf7 31. Kh1 Rxg2 0-1

[Event "Ho Chi Minh City HD Bank op 2nd"]
[Site "Ho Chi Minh City"]
[Date "2012.03.03"]
[Round "3"]
[White "Nguyen, Thien Viet"]
[Black "Ma, Zhonghan"]
[Result "1-0"]
[WhiteElo "2265"]
[BlackElo "2369"]
[PlyCount "75"]
[EventDate "2012.03.02"]
[EventType "swiss"]
[EventRounds "9"]
[EventCountry "VIE"]
[SourceTitle "CBM 147 Extra"]
[Source "ChessBase"]
[SourceDate "2012.04.24"]
[SourceVersion "1"]
[SourceVersionDate "2012.04.24"]
[SourceQuality "1"]

1. d4 d6 2. Nf3 g6 3. c4 Bg7 4. Nc3 e5 5. g3 Nc6 6. dxe5 Nxe5 7. Bg2 Ne7 8. Nxe5 Bxe5 9. Nd5 c6 10. Nxe7 Qxe7 11. 0-0 0-0 12. Rb1 Re8 13. Qd3 Bf5 14. e4 Bd7 15. f4 Bg7 16. Bd2 c5 17. Rfe1 Bc6 18. Bc3 Bxc3 19. Qxc3 a6 20. Rbd1 b5 21. b3 Rad8 22. e5 Bxg2 23. Kxg2 dxe5 24. Rxd8 Rxd8 25. Rxe5 Qb7+ 26. Kh3 Qd7+ 27. Kh4 b4 28. Qe3 Qd3 29. Re8+ Kg7 30. Qe5+ Kh6 31. Rxd8 Qxd8+ 32. Qg5+ Qxg5+ 33. fxg5+ Kg7 34. Kg4 h6 35. h4 hxg5 36. hxg5 f6 37. Kf4 Kf7 38. Ke4 1-0

[Event "VIE-ch Places"]
[Site "Da Lat"]
[Date "2011.03.28"]
[Round "1.4"]
[White "Nguyen, Thien Viet"]
[Black "Hoang, Van Ngoc"]
[Result "1-0"]
[WhiteElo "2324"]
[BlackElo "2179"]
[PlyCount "89"]
[EventDate "2011.03.28"]
[EventType "k.o."]
[EventRounds "2"]
[EventCountry "VIE"]
[SourceTitle "CBM 141 Extra"]
[Source "ChessBase"]
[SourceDate "2011.05.03"]
[SourceVersion "1"]
[SourceVersionDate "2011.05.03"]
[SourceQuality "1"]

1. d4 Nf6 2. c4 c5 3. Nf3 g6 4. Nc3 cxd4 5. Nxd4 Bg7 6. e4 d6 7. Be2 0-0 8. 0-0 Nc6 9. Be3 Be6 10. Nxc6 bxc6 11. f4 Qa5 12. a3 Ne8 13. b4 Qc7 14. Rc1 f5 15. exf5 Bxf5 16. c5 Nf6 17. cxd6 exd6 18. Bf3 Kh8 19. Re1 Rab8 20. Bd4 Qd7 21. Qa4 Ng4 22. Bxg7+ Qxg7 23. Qd1 a5 24. Bxg4 Bxg4 25. Qxg4 axb4 26. axb4 Rxb4 27. Ne2 c5 28. Qe6 Rd8 29. Red1 Qb2 30. Rb1 Qg7 31. Rxb4 cxb4 32. Rxd6 Qa7+ 33. Kf1 Qa1+ 34. Kf2 Qa7+ 35. Nd4 Rxd6 36. Qxd6 Qf7 37. Kg3 b3 38. Qb8+ Kg7 39. Qxb3 Qe7 40. Qe6 Qb4 41. Qe5+ Kf7 42. h3 h5 43. Nf3 Qb3 44. Kh2 Kf8 45. Qf6+ 1-0

[Event "VIE-ch"]
[Site "Da Lat"]
[Date "2011.03.22"]
[Round "4"]
[White "Nguyen, Thien Viet"]
[Black "Duong, Thuong Cong"]
[Result "1-0"]
[WhiteElo "2324"]
[BlackElo "2024"]
[PlyCount "51"]
[EventDate "2011.03.20"]
[EventType "swiss"]
[EventRounds "11"]
[EventCountry "VIE"]
[SourceTitle "CBM 141 Extra"]
[Source "ChessBase"]
[SourceDate "2011.05.03"]
[SourceVersion "1"]
[SourceVersionDate "2011.05.03"]
[SourceQuality "1"]

1. d4 e6 2. e4 c5 3. d5 Nf6 4. dxe6 fxe6 5. e5 Nd5 6. c4 Ne7 7. Nc3 Ng6 8. Qh5 Nc6 9. Nf3 Nb4 10. Bg5 Be7 11. 0-0-0 0-0 12. a3 Nc6 13. Bxe7 Ngxe7 14. Ng5 h6 15. Nxe6 dxe6 16. Rxd8 Rxd8 17. Ne4 b6 18. Nd6 Rf8 19. Bd3 Nf5 20. Bxf5 exf5 21. Qf3 Bd7 22. Qd5+ Kh7 23. e6 Bxe6 24. Qxc6 Rad8 25. Re1 Bg8 26. Qc7 1-0

[Event "VIE-ch"]
[Site "Da Lat"]
[Date "2011.03.21"]
[Round "3"]
[White "Hoang, Van Ngoc"]
[Black "Nguyen, Thien Viet"]
[Result "1-0"]
[WhiteElo "2179"]
[BlackElo "2324"]
[PlyCount "42"]
[EventDate "2011.03.20"]
[EventType "swiss"]
[EventRounds "11"]
[EventCountry "VIE"]
[SourceTitle "CBM 141 Extra"]
[Source "ChessBase"]
[SourceDate "2011.05.03"]
[SourceVersion "1"]
[SourceVersionDate "2011.05.03"]
[SourceQuality "1"]

1. d4 Nf6 2. c4 e6 3. Nf3 b6 4. e3 Bb7 5. Bd3 c5 6. 0-0 cxd4 7. exd4 d5 8. Nc3 Be7 9. cxd5 Nxd5 10. Bb5+ Kf8 11. Re1 Nc6 12. Bd2 Rc8 13. a3 Nxc3 14. Bxc3 a6 15. Bd3 Rc7 16. Qe2 Qa8 17. Rac1 Bd6 18. Ne5 b5 19. Qg4 h5 20. Qg5 Be7 21. Ng6+ Kg8 1-0

[Event "VIE-ch"]
[Site "Da Lat"]
[Date "2011.03.21"]
[Round "2"]
[White "Nguyen, Thien Viet"]
[Black "Bao, Khoa"]
[Result "0-1"]
[WhiteElo "2324"]
[BlackElo "2262"]
[PlyCount "70"]
[EventDate "2011.03.20"]
[EventType "swiss"]
[EventRounds "11"]
[EventCountry "VIE"]
[SourceTitle "CBM 141 Extra"]
[Source "ChessBase"]
[SourceDate "2011.05.03"]
[SourceVersion "1"]
[SourceVersionDate "2011.05.03"]
[SourceQuality "1"]

1. d4 Nf6 2. c4 e6 3. Nf3 b6 4. g3 Ba6 5. Qc2 Bb4+ 6. Bd2 Be7 7. Bg2 0-0 8. 0-0 Qc8 9. b3 c5 10. dxc5 bxc5 11. Bc3 h6 12. Ng5 hxg5 13. Bxa8 d5 14. cxd5 exd5 15. Bxf6 Bxf6 16. Nc3 Nc6 17. Bxc6 Qxc6 18. Rac1 Re8 19. Rfe1 d4 20. Nb1 Re5 21. Nd2 g4 22. Nc4 Bb7 23. f3 gxf3 24. exf3 Qxf3 25. Rxe5 Qh1+ 26. Kf2 Qxh2+ 27. Ke1 Qxg3+ 28. Qf2 Bxe5 29. Qxg3 Bxg3+ 30. Ke2 f5 31. Na5 Ba6+ 32. Kf3 Bd6 33. b4 c4 34. Nxc4 Bxb4 35. Kf4 Bc3 0-1

[Event "VIE-chT"]
[Site "Nha Trang"]
[Date "2009.08.29"]
[Round "10"]
[White "Nguyen, Van Thanh"]
[Black "Nguyen, Thien Viet"]
[Result "0-1"]
[WhiteElo "2173"]
[BlackElo "2337"]
[PlyCount "34"]
[EventDate "2009.08.21"]
[EventType "team-tourn"]
[EventRounds "11"]
[EventCountry "VIE"]
[SourceTitle "CBM 132 Extra"]
[Source "ChessBase"]
[SourceDate "2009.11.03"]
[SourceVersion "1"]
[SourceVersionDate "2009.11.03"]
[SourceQuality "1"]

1. e4 c5 2. Nf3 d6 3. d4 cxd4 4. Nxd4 Nf6 5. Nc3 a6 6. Be3 e6 7. Be2 Qc7 8. 0-0 b5 9. a3 Bb7 10. f4 Nxe4 11. Nxe4 Bxe4 12. Bf3 Qb7 13. f5 e5 14. Ne2 Be7 15. Nc3 Bxf3 16. Rxf3 Nd7 17. Nd5 Nf6 0-1

[Event "VIE-chT"]
[Site "Nha Trang"]
[Date "2009.08.25"]
[Round "6"]
[White "Nguyen, Thien Viet"]
[Black "Nguyen, Van Hai"]
[Result "1/2-1/2"]
[WhiteElo "2337"]
[BlackElo "2249"]
[PlyCount "36"]
[EventDate "2009.08.21"]
[EventType "team-tourn"]
[EventRounds "11"]
[EventCountry "VIE"]
[SourceTitle "CBM 132 Extra"]
[Source "ChessBase"]
[SourceDate "2009.11.03"]
[SourceVersion "1"]
[SourceVersionDate "2009.11.03"]
[SourceQuality "1"]

1. d4 Nf6 2. c4 g6 3. Nc3 d5 4. cxd5 Nxd5 5. Bd2 Bg7 6. e4 Nxc3 7. Bxc3 0-0 8. Bc4 c5 9. d5 Bxc3+ 10. bxc3 Qa5 11. Ne2 Nd7 12. 0-0 Nb6 13. Bb3 c4 14. Bc2 e6 15. dxe6 Bxe6 16. Qe1 Rad8 17. f4 Bd7 18. Nd4 Ba4 1/2-1/2

[Event "VIE-chT"]
[Site "Nha Trang"]
[Date "2009.08.24"]
[Round "4"]
[White "Pham, Chuong"]
[Black "Nguyen, Thien Viet"]
[Result "1/2-1/2"]
[WhiteElo "2364"]
[BlackElo "2337"]
[PlyCount "46"]
[EventDate "2009.08.21"]
[EventType "team-tourn"]
[EventRounds "11"]
[EventCountry "VIE"]
[SourceTitle "CBM 132 Extra"]
[Source "ChessBase"]
[SourceDate "2009.11.03"]
[SourceVersion "1"]
[SourceVersionDate "2009.11.03"]
[SourceQuality "1"]

1. d4 Nf6 2. c4 e6 3. Nf3 b6 4. g3 Bb7 5. Bg2 Bb4+ 6. Bd2 c5 7. Bxb4 cxb4 8. 0-0 0-0 9. Nbd2 d6 10. e3 Nbd7 11. Rc1 Rc8 12. Ne1 Qc7 13. Nd3 a5 14. Bxb7 Qxb7 15. Qf3 Qxf3 16. Nxf3 Ne4 17. Rfd1 Rc7 18. Nd2 Nxd2 19. Rxd2 Rfc8 20. Rdc2 Kf8 21. b3 Ke7 22. Kf1 g5 23. g4 h6 1/2-1/2

[Event "VIE-chT"]
[Site "Hue"]
[Date "2008.08.22"]
[Round "10"]
[White "Nguyen, Van Hai"]
[Black "Nguyen, Thien Viet"]
[Result "1/2-1/2"]
[WhiteElo "2232"]
[BlackElo "2314"]
[PlyCount "58"]
[EventDate "2008.08.15"]
[EventType "team-swiss"]
[EventRounds "11"]
[EventCountry "VIE"]
[SourceTitle "EXT 2019"]
[Source "ChessBase"]
[SourceDate "2018.10.10"]
[SourceVersion "1"]
[SourceVersionDate "2018.10.10"]
[SourceQuality "1"]

1. e4 c5 2. Nc3 a6 3. g3 b5 4. Bg2 Bb7 5. d3 e6 6. f4 d6 7. Nf3 Qc7 8. 0-0 Nf6 9. h3 Be7 10. Be3 Nc6 11. Ne2 Nd7 12. a3 d5 13. exd5 exd5 14. d4 c4 15. Ne5 Nb6 16. Nc3 Rd8 17. Qg4 g6 18. Rae1 Bc8 19. Qf3 f6 20. Ng4 b4 21. axb4 Nxb4 22. Qd1 h5 23. Nh2 Kf7 24. Nf3 Bf5 25. Rf2 Qd7 26. Kh2 Bd6 27. Nh4 Rde8 28. Nxf5 Qxf5 29. h4 Qd7 1/2-1/2